000 00292nam a22001097a 4500
008 250107b |||||||| |||| 00| 0 eng d
100 _aG Gupta
245 _aFourier Series & Fourier Transforms & Their Applications
260 _aMeerut
_bPragati Pub.
_c1995
300 _a110
942 _2ddc
_cBK
999 _c21062
_d21062